000
00304nam a22001097a 4500
008
230623b xxu||||| |||| 00| 0 eng d
082
_a
338.096
_b
RUR 1988
245
_a
Rural Industrialization in Kenya
260
_a
Nairobi
_b
Kenya Association of Manufacturers
_c
1988
300
_a
VII,71p
942
_2
ddc
_c
BK
999
_c
2516
_d
2516